Report of the Rajasthan Finance Enquiry Committee, 1958 (Record no. 489381)

000 -LEADER
fixed length control field 00405cam a22001337a 4500
008 - FIXED-LENGTH DATA ELEMENTS--GENERAL INFORMATION
fixed length control field 180718b1958 xxu||||| |||| 00| 0 eng d
082 ## - DEWEY DECIMAL CLASSIFICATION NUMBER
Classification number Lx5434
100 ## - MAIN ENTRY--PERSONAL NAME
Personal name Rajasthan. Finance Enquiry Committee
245 ## - TITLE STATEMENT
Title Report of the Rajasthan Finance Enquiry Committee, 1958
260 ## - PUBLICATION, DISTRIBUTION, ETC.
Place of publication, distribution, etc. Jaipur
Name of publisher, distributor, etc. The author
Date of publication, distribution, etc. 1958
300 ## - PHYSICAL DESCRIPTION
Extent 312+p.
500 ## - GENERAL NOTE
General note Chairman: N. Madhava Rau
700 ## - ADDED ENTRY--PERSONAL NAME
Personal name Madhava Rau, N. (Chairman)
Holdings
Withdrawn status Lost status Damaged status Not for loan Permanent Location Current Location Date acquired Full call number Barcode Date last seen Price effective from Koha item type
        Indian Institute of Public Administration Indian Institute of Public Administration 2018-08-04 Lx5434 GR2982 2018-08-04 2018-08-04 GR

Powered by Koha